LEADER 01333nam a2200229 u 4500 001 000000027536 003 CaOOAMICUS 005 20070226111711.0 008 951104s1739 it u000 u lat u 035 $a10715266 040 $aPUL$bita 100 1 $aGravina, Giovanni Vincenzo,$d1664-1718.$0(OLS)http://pul/name/22502 245 10$aIani Vincentii Gravinae ...Opera :$bseu Originum iuris civilis libri tres, quibus accedunt De romano imperio liber singularis, ejusque orationes et opuscula latina... /$cRecensuit et adnotationibus auxit Gottfridus Mascovius .. 260 $aVenetiis :$bapud Franciscum Piteri,$c1739. 300 $a2 v. (710 p.) ;$c23 cm 500 $aFront. in rosso e nero. 850 $aPUL 852 $aPUL$W1$xDP1 Antico 700$y26$m200 F 8-9$j38332$nBK-PRI$b $qStampati Antico$B38332$CPULBib$Z2$F38332 $H $81 852 $aPUL$W1$xDP1 Antico 700$y26$m200 F 8-9$j38332$nBK-PRI$b $qStampati Antico$B38333$CPULBib$Z2$F38333 $H $81 941 1 $a15 996 $6245$aIani Vincentii Gravinae ...Opera :$bseu Originum iuris civilis libri tres, quibus accedunt De romano imperio liber singularis, ejusque orationes et opuscula latina...$9(OLS)http://pul/title/37667 996 $6260$aVenetiis :$bapud Franciscum Piteri$9(OLS)http://pul/publisher/59785 LEADER 02297nam a2200433 a 4500 001 000000176250 003 CaOOAMICUS 005 20231025105018.0 008 231025m20192022vc o u000 u ita r 020 $a978-88-266-0330-8*(1. v) 020 $a978-88-266-0767-2*(3.v.) 020 $a978-88-266-0519-7*(2.v.) 032 $aLibriCat 040 $aPUL$bita 082 04$a268 100 1 $aMariconti, Gian Franco,$csac.,$d1955-$0(OLS)http://pul/name/113214 245 13$aIl credo nel mondo di oggi / $cGian Franco Mariconti. 260 $aCittà del Vaticano :$bLibreria editrice vaticana,$c©2019-2022. 300 $a3 voll. : $bfotogr. ;$c24 cm 505 0 $aDio Padre Creatore. 2019. -- 2: Gesù è il Signore, il figlio di Dio, il Salvatore. 2020 -- 3: Lo Spirito e la Chiesa. 2022. 650 4$aCatechesi$xSec. XXI.$0(OLS)http://pul/subject/39301 740 02$aLo Spirito e la Chiesa. 740 02$aGesù è il Signore, il figlio di Dio, il Salvatore. 740 02$aDio padre creatore :$buna proposta di catechesi con gli adulti. 850 $aPUL 852 $aPUL$W1$xSL Religione 3$y85$m268 MARGI 1.1$j200391$qDDC 21$B205194$CPULBib$Z2$F205194 $H136491 $82 852 $aPUL$W1$xSL Religione 3$y85$m268 MARGI 1.2$j200392$qDDC 21$B205195$CPULBib$Z2$F205195 $H136492 $82 852 $aPUL$W1$xSL Religione 3$y85$m268 MARGI 1.3$j200393$qDDC 21$B205196$CPULBib$Z2$F205196 $H136493 $82 941 1 $a9 996 $6020$a978-88-266-0330-8*(1. v)$9(OLS)http://pul/number/169417 996 $6020$a978-88-266-0767-2*(3.v.)$9(OLS)http://pul/number/169419 996 $6020$a978-88-266-0519-7*(2.v.)$9(OLS)http://pul/number/169418 996 $6082$a268$9(OLS)http://pul/classification/662 996 $6245$aIl credo nel mondo di oggi / $9(OLS)http://pul/title/217751 996 $6740$aLo Spirito e la Chiesa.$9(OLS)http://pul/title/217754 996 $6740$aGesù è il Signore, il figlio di Dio, il Salvatore.$9(OLS)http://pul/title/217753 996 $6740$aDio padre creatore :$buna proposta di catechesi con gli adulti.$9(OLS)http://pul/title/217752 996 $6260$aCittà del Vaticano :$bLibreria editrice vaticana$9(OLS)http://pul/publisher/47920